000 00372nam a2200145Ia 4500
008 151213s9999 xx 000 0 und d
100 _aI.Hill
245 _aIncentive for joint forest Management in India
_cI.Hill
260 _aWashington D.C
_bWarld Bank
_c1998
300 _a2054 p.
650 _aManagement
650 _aManagement
700 _aI.Hill
999 _c1508
_d1508